| 000 | 00398nam a2200157Ia 4500 | ||
|---|---|---|---|
| 008 | 210716s2003 xx 000 0 und d | ||
| 020 | _a812591210X | ||
| 041 | _aeng | ||
| 082 | _a658.787 SAXJ | ||
| 100 | _aSaxen, J P. | ||
| 245 | _aWarehouse management and inventory control. | ||
| 250 | _a1 | ||
| 260 |
_aNew Delhi _bVikas Publishing House Pvt Ltd _c2003 |
||
| 300 | _a244 | ||
| 650 | _aNone | ||
| 999 |
_c199821 _d199821 |
||